Selected instruments relating to the Community trade mark

Bibliographic Details
Corporate Authors: Unin̤ Europea. Oficina de Publicaciones Oficiales, Oficina de Armonizacin̤ del Mercado Interior (Marcas, dibujos y modelos)
Format: Unknown
Language:Spanish
Published: [Luxemburgo] : European Union Publications Office, 2007
Subjects:
Online Access:Acceso restringido

MARC

LEADER 00000ny a22000003n 4500
005 20110622122716.0
008 080707s2007 sp s 000 0 spa c
020 |a 9291561002 
035 |a 2089 
040 |a UMA.RE  |d vlex 
080 |a 347.772(4-672UE)(0.034) 
090 |c 1238  |d 1238 
245 0 0 |a Selected instruments relating to the Community trade mark  |h [Recurso electrn̤ico]  |c European Commission Office for Harmonization in the Internal Market 
256 |a Servicio en ln̕ea 
260 |a [Luxemburgo] :  |b European Union Publications Office,  |c 2007 
506 1 |a Contenido solo disponible en los productos indicados  |d vLex Global  |d vLex Global (Academic Edition, excluding Law Schools)  |d vLex Global (U.S. Academic Edition, Law Schools)  |d vLex Global (U.S. Academic Edition, excluding Law Schools)  |d vLex Global (Academic Edition, Law Schools) 
650 0 4 |a Comunitario 
650 0 4 |a Marcas 
650 0 4 |a Civil 
710 1 |a Unin̤ Europea.  |b Oficina de Publicaciones Oficiales 
710 1 |a Oficina de Armonizacin̤ del Mercado Interior (Marcas, dibujos y modelos) 
740 0 |a vLex Libros (Servicios en ln̕ea) 
856 |z Acceso restringido  |u http://vlex.com/source/selected-instruments-relating-community-trade-mark-2089 
942 |c BOOK 
999 0 4 |a Marcas registradas  |v En ln̕ea 
999 0 4 |a Marcas registradas  |z Pas̕es de la Unin̤ Europea  |v En ln̕ea